[Event "VI C.to del Mediterraneo"]
[Site "Antalya TUR"]
[Date "2009.01.13"]
[Round "5"]
[White "Vocaturo, Daniele"]
[Black "Mohr, Georg"]
[Result "1-0"]
[WhiteElo "2445"]
[BlackElo "2488"]
[PlyCount "97"]
[EventDate "2009.01.11"]

1. e4 c5 2. Nf3 Nc6 3. d4 cxd4 4. Nxd4 Nf6 5. Nc3 e5 6. Ndb5 d6 7. Bg5 a6 8.
Na3 b5 9. Nd5 Be7 10. Bxf6 Bxf6 11. c3 Ne7 12. Nxf6+ gxf6 13. g3 Bb7 14. Bg2 f5
15. Qe2 Qc7 16. Nc2 h5 17. O-O-O O-O-O 18. f4 Qc4 19. Qxc4+ bxc4 20. Ne3 fxe4
21. Nxc4 exf4 22. Nxd6+ Rxd6 23. Rxd6 f3 24. Bh3+ f5 25. Rf6 h4 26. gxh4 Rh5
27. Rd1 Rxh4 28. Bxf5+ Nxf5 29. Rxf5 e3 30. Re1 e2 31. Kd2 Rxh2 32. Ke3 Rh3 33.
c4 Bc6 34. b4 Kc7 35. b5 axb5 36. cxb5 Bb7 37. a4 Kb6 38. Rf7 Bd5 39. Rf6+ Ka5
40. Rb1 Bb7 41. Rf7 Bd5 42. Ra7+ Kb6 43. Ra6+ Kc5 44. Rf6 Rh4 45. b6 Rxa4 46.
Kf2 Rd4 47. Rc1+ Kb5 48. Rd6 Ka6 49. Ra1+ 1-0

[Event "VI C.to del Mediterraneo"]
[Site "Antalya TUR"]
[Date "2009.01.14"]
[Round "6"]
[White "Vocaturo, Daniele"]
[Black "Wirig, Anthony"]
[Result "1/2-1/2"]
[WhiteElo "2445"]
[BlackElo "2464"]
[PlyCount "174"]
[EventDate "2009.01.11"]

1. e4 c5 2. Nf3 Nc6 3. d4 cxd4 4. Nxd4 e5 5. Nb5 d6 6. N1c3 a6 7. Na3 b5 8. Nd5
Nge7 9. c4 Nd4 10. cxb5 Nxd5 11. exd5 Be7 12. Bd3 O-O 13. O-O f5 14. bxa6 f4
15. Nc2 Qb6 16. Nxd4 Qxd4 17. Qc2 g6 18. Rd1 Qa7 19. b4 Bg4 20. Re1 Rac8 21.
Qb3 Bh4 22. Rf1 e4 23. Bxe4 Be2 24. Bb2 Rfe8 25. Qh3 Bxf1 26. Qxh4 Qe7 27. Qxe7
Rxe7 28. Kxf1 Rxe4 29. a3 Kf7 30. b5 Ra4 31. Rb1 Rb8 32. Bc1 Rxa6 33. Bxf4 Ra5
34. a4 Rxa4 35. Bxd6 Rb7 36. b6 Ra5 37. Rd1 Rd7 38. Bc7 Rb5 39. g3 Rb2 40. Rd3
Ke8 41. d6 Rf7 42. Re3+ Kd7 43. Re2 Rxe2 44. Kxe2 Kc6 45. f4 h5 46. h3 Rf5 47.
g4 Rb5 48. Kf2 Rb3 49. Kg2 h4 50. f5 Rb2+ 51. Kf3 Rb3+ 52. Kf4 gxf5 53. gxf5
Rxh3 54. f6 Rh1 55. Bd8 Rg1 56. d7 h3 57. b7 Kxb7 58. Be7 h2 59. d8=Q Rf1+ 60.
Ke5 h1=Q 61. Qd7+ Kb6 62. Qd4+ Kb5 63. Qb4+ Ka6 64. Qa4+ Kb6 65. Qb4+ Ka6 66.
Qc4+ Kb6 67. Bc5+ Kb7 68. Qb3+ Kc6 69. Qb6+ Kd7 70. Qe6+ Kc7 71. Qb6+ Kd7 72.
Qd6+ Kc8 73. Qe6+ Kc7 74. Bd6+ Kb6 75. Qb3+ Ka6 76. Qa3+ Kb5 77. Qb3+ Ka6 78.
Qc4+ Kb6 79. Bc5+ Kb7 80. Qb5+ Kc8 81. Qe8+ Kc7 82. Bd6+ Kb6 83. Qb8+ Ka6 84.
Qc8+ Qb7 85. Qc4+ Qb5+ 86. Qxb5+ Kxb5 87. Ke6 Rxf6+ 1/2-1/2

[Event "VI C.to del Mediterraneo"]
[Site "Antalya TUR"]
[Date "2009.01.14"]
[Round "6"]
[White "Vojinovic, Jovana"]
[Black "Sedina, Elena"]
[Result "1/2-1/2"]
[WhiteElo "2331"]
[BlackElo "2380"]
[PlyCount "64"]
[EventDate "2009.01.11"]

1. d4 Nf6 2. c4 c6 3. Nc3 d5 4. cxd5 cxd5 5. Bf4 Nc6 6. e3 a6 7. Bd3 Bg4 8. f3
Bh5 9. Nge2 e6 10. O-O Bg6 11. Rc1 Be7 12. Na4 Nd7 13. a3 O-O 14. Bg3 Rc8 15.
b4 b5 16. Nc5 Nxc5 17. dxc5 Bf6 18. Rb1 e5 19. Bxg6 hxg6 20. Qd3 e4 21. fxe4
dxe4 22. Qxe4 Re8 23. Qf3 Qd3 24. Nf4 Qxe3+ 25. Qxe3 Rxe3 26. Nd5 Rxa3 27.
Nxf6+ gxf6 28. Rxf6 a5 29. bxa5 Rxa5 30. Rf2 b4 31. Rfb2 Rxc5 32. Bd6 Rd5
1/2-1/2

[Event "VI C.to del Mediterraneo"]
[Site "Antalya TUR"]
[Date "2009.01.15"]
[Round "7"]
[White "Georgiadis, Ioannis"]
[Black "Vocaturo, Daniele"]
[Result "1-0"]
[WhiteElo "2383"]
[BlackElo "2445"]
[PlyCount "105"]
[EventDate "2009.01.11"]

1. e4 c5 2. Nf3 d6 3. d4 cxd4 4. Nxd4 Nf6 5. Nc3 a6 6. Bg5 e6 7. f4 Qb6 8. Qd2
Nc6 9. Bxf6 gxf6 10. Nb3 Bd7 11. O-O-O O-O-O 12. Be2 h5 13. Rhf1 Kb8 14. Rf3
Be7 15. Kb1 h4 16. Rd3 Qf2 17. Rf3 Qb6 18. Rd3 Qf2 19. Rf3 Qxg2 20. Qe3 Rdg8
21. Bxa6 bxa6 22. Qb6+ Ka8 23. Nb5 Bd8 24. Qxa6+ Kb8 25. N3d4 Qg1 26. Rff1 Qe3
27. Rde1 Qd2 28. Nxc6+ Bxc6 29. Qxc6 Qb4 30. Nxd6 Bc7 31. Nb5 Rc8 32. Re3 Ba5
33. Qd6+ Qxd6 34. Nxd6 Rc6 35. e5 Bc7 36. Rb3+ Ka8 37. Nb5 Bb8 38. exf6 Rd8 39.
a3 Rd2 40. Rg1 Rc8 41. Rg7 Rxh2 42. Rxf7 Rf2 43. Re7 Rxf4 44. Rxe6 Rf5 45. Nd4
Rf1+ 46. Ka2 Ba7 47. Nb5 Bb8 48. Ra6+ Kb7 49. Ra4 Rh8 50. Rc4 Rxf6 51. Nd6+ Ka8
52. Ra4+ Ba7 53. Rb7 1-0

[Event "VI C.to del Mediterraneo"]
[Site "Antalya TUR"]
[Date "2009.01.15"]
[Round "7"]
[White "Sedina, Elena"]
[Black "Richard, Emma"]
[Result "1-0"]
[WhiteElo "2380"]
[BlackElo "2073"]
[PlyCount "105"]
[EventDate "2009.01.11"]

1. e4 c5 2. Nf3 Nc6 3. Bb5 d6 4. O-O Bd7 5. Re1 Nf6 6. c3 a6 7. Bf1 Bg4 8. h3
Bxf3 9. Qxf3 g6 10. d3 Bg7 11. Be3 O-O 12. Nd2 Nd7 13. Qe2 b5 14. Rac1 a5 15.
Nf3 e5 16. Qd2 Qb6 17. g3 a4 18. a3 Na5 19. Rcd1 Qb7 20. Bg2 Nb3 21. Qe2 Nb6
22. h4 Rac8 23. Nd2 Nxd2 24. Qxd2 Qc7 25. h5 gxh5 26. Bh3 Rce8 27. Bf5 f6 28.
Kg2 Nc8 29. Rh1 Qf7 30. Qe2 Ne7 31. Bd7 Rb8 32. Qxh5 Qxh5 33. Rxh5 Kf7 34. Rxh7
Rh8 35. Rxh8 Bxh8 36. f4 Rb7 37. Bg4 b4 38. fxe5 fxe5 39. Rf1+ Bf6 40. Bd1 bxc3
41. bxc3 Ra7 42. Rf2 Kg7 43. Rb2 Ra8 44. Rb6 Nc8 45. Rb7+ Ne7 46. g4 Kf8 47. g5
Bg7 48. Bh5 Bh8 49. Kf3 Bg7 50. Rd7 Nc8 51. Rd8+ Ke7 52. Re8+ Kd7 53. Rg8 1-0

[Event "VI C.to del Mediterraneo"]
[Site "Antalya TUR"]
[Date "2009.01.16"]
[Round "8"]
[White "Doric, Darko"]
[Black "Sedina, Elena"]
[Result "1/2-1/2"]
[WhiteElo "2477"]
[BlackElo "2380"]
[PlyCount "34"]
[EventDate "2009.01.11"]

1. d4 d5 2. c4 c6 3. Nc3 dxc4 4. e4 b5 5. a4 b4 6. Na2 Nf6 7. e5 Nd5 8. Bxc4
Bf5 9. Ne2 e6 10. O-O Be7 11. Ng3 Bg6 12. Qe2 O-O 13. Be3 Nxe3 14. Qxe3 Nd7 15.
b3 Nb6 16. Rac1 a5 17. f4 Rc8 1/2-1/2

[Event "VI C.to del Mediterraneo"]
[Site "Antalya TUR"]
[Date "2009.01.16"]
[Round "8"]
[White "Vocaturo, Daniele"]
[Black "Erdogdu, Mert"]
[Result "0-1"]
[WhiteElo "2445"]
[BlackElo "2459"]
[PlyCount "90"]
[EventDate "2009.01.11"]

1. e4 c5 2. Nf3 d6 3. d4 cxd4 4. Nxd4 Nf6 5. Nc3 a6 6. Bg5 e6 7. f4 Qb6 8. Qd2
Nc6 9. Bxf6 gxf6 10. Nb3 Bd7 11. O-O-O O-O-O 12. Be2 Rg8 13. Bh5 Rg7 14. Rhf1
Na5 15. Nxa5 Qxa5 16. f5 Kb8 17. Kb1 Rc8 18. g4 Qe5 19. Rfe1 Rc4 20. Qf2 Qc5
21. Re2 Qe5 22. Rdd2 Be7 23. Qe3 Qc5 24. Qh6 Rxc3 25. bxc3 d5 26. Rd3 Rg5 27.
h4 Bb5 28. hxg5 Qg1+ 29. Kb2 Ba3+ 30. Kxa3 Qc1+ 31. Kb4 Qb2+ 32. Kc5 Bxd3 33.
Qxf6 Bxe2 34. exd5 Qb5+ 35. Kd4 Qb6+ 36. Ke5 Qc7+ 37. Ke4 exd5+ 38. Ke3 Bc4 39.
Qh8+ Ka7 40. Qd4+ b6 41. a3 Qh2 42. Qf4 Qe2+ 43. Kd4 Qe7 44. Bxf7 Qc5+ 45. Ke5
Qc7+ 0-1

[Event "VI C.to del Mediterraneo"]
[Site "Antalya TUR"]
[Date "2009.01.17"]
[Round "9"]
[White "Sedina, Elena"]
[Black "Abdel Razik, Khaled"]
[Result "1/2-1/2"]
[WhiteElo "2380"]
[BlackElo "2430"]
[PlyCount "95"]
[EventDate "2009.01.11"]

1. e4 e6 2. d4 d5 3. exd5 exd5 4. Nf3 Bg4 5. h3 Bh5 6. Qe2+ Qe7 7. Be3 Nc6 8.
Nc3 O-O-O 9. g4 Bg6 10. O-O-O f6 11. Nh4 Bf7 12. Nf5 Qb4 13. a3 Qa5 14. Qb5 g6
15. Ng3 Nge7 16. Qxa5 Nxa5 17. b3 h5 18. gxh5 Nf5 19. Nxf5 Bxa3+ 20. Kb1 gxf5
21. h6 Nc6 22. Bd3 Be6 23. Ne2 Nb4 24. Nf4 Bd7 25. Be2 Rxh6 26. Ne6 f4 27. Nxf4
Bf5 28. Bg4 Bxg4 29. hxg4 Rxh1 30. Rxh1 Nc6 31. Rh6 Be7 32. Rh5 Rg8 33. f3 Bd8
34. Nxd5 Re8 35. c3 Na5 36. Bf4 Nxb3 37. Kc2 Na5 38. Nxc7 Re2+ 39. Kd3 Rf2 40.
Nb5 a6 41. Nd6+ Kd7 42. Ke3 Ra2 43. c4 Kc6 44. Rc5+ Kd7 45. Rh5 Kc6 46. Rc5+
Kd7 47. Rh5 Kc6 48. Rc5+ 1/2-1/2

[Event "VI C.to del Mediterraneo"]
[Site "Antalya TUR"]
[Date "2009.01.17"]
[Round "9"]
[White "Todorovic, Jovan"]
[Black "Vocaturo, Daniele"]
[Result "0-1"]
[WhiteElo "2384"]
[BlackElo "2445"]
[PlyCount "48"]
[EventDate "2009.01.11"]

1. e4 e5 2. f4 exf4 3. Nf3 g5 4. h4 g4 5. Ne5 d6 6. Nxg4 Nf6 7. Nf2 Rg8 8. d4
Bh6 9. Nc3 Nc6 10. Nd3 Bg4 11. Be2 Nxd4 12. Nxf4 Bxf4 13. Bxf4 Nxe2 14. Nxe2
Nh5 15. Bg5 Qd7 16. Qd3 f6 17. Be3 Bxe2 18. Kxe2 Ng3+ 19. Kd2 Nxh1 20. Rxh1
Rxg2+ 21. Kc1 O-O-O 22. Bxa7 Qg4 23. Bd4 Re8 24. Bxf6 Rg1+ 0-1

[Event "Open Sociale Alfieri"]
[Site "Torino ITA"]
[Date "2009.01.13"]
[Round "1"]
[White "Blanc, Pierre"]
[Black "Paoli, Mario"]
[Result "1-0"]
[WhiteElo "1910"]
[BlackElo "1613"]
[PlyCount "79"]
[EventDate "2009.01.13"]

1. e4 c5 2. Nf3 Nc6 3. d3 g6 4. g3 Bg7 5. Bg2 d6 6. O-O Bg4 7. Nbd2 e5 8. h3
Be6 9. Re1 h6 10. Nf1 Qd7 11. Kh2 Nf6 12. Be3 O-O 13. c3 Kh7 14. d4 exd4 15.
cxd4 cxd4 16. Nxd4 Nxd4 17. Bxd4 Ne8 18. Bxg7 Kxg7 19. Qd4+ Kh7 20. Red1 Qb5
21. Ne3 Qe5 22. Qb4 Rb8 23. Nd5 Bxd5 24. Rxd5 Qe6 25. Ra5 f5 26. Re1 f4 27.
Rxa7 fxg3+ 28. fxg3 Rf7 29. Rd1 h5 30. h4 Rd7 31. Bh3 Qf7 32. Rf1 Nf6 33. Bxd7
Ng4+ 34. Bxg4 Qxf1 35. Rxb7+ Rxb7 36. Qxb7+ Kh6 37. Bh3 Qe2+ 38. Bg2 g5 39.
hxg5+ Kxg5 40. Qd5+ 1-0

[Event "Open Sociale Alfieri"]
[Site "Torino ITA"]
[Date "2009.02.10"]
[Round "5"]
[White "Blanc, Pierre"]
[Black "Malano, Francesco"]
[Result "1-0"]
[WhiteElo "1910"]
[BlackElo "1910"]
[PlyCount "109"]
[EventDate "2009.01.13"]

1. e4 c5 2. Nf3 d6 3. d3 Nc6 4. g3 g6 5. Bg2 Bg7 6. O-O e6 7. c3 Nge7 8. Be3
O-O 9. Qd2 Rb8 10. d4 cxd4 11. cxd4 d5 12. e5 Bd7 13. Bh6 Nf5 14. Bxg7 Kxg7 15.
Nc3 b5 16. Bh3 Nh6 17. Rac1 Na5 18. b3 b4 19. Ne2 Bb5 20. Rc5 Bxe2 21. Qxe2 Nb7
22. Rc6 Qd7 23. Rfc1 Rfc8 24. Qc2 Rxc6 25. Qxc6 Qxc6 26. Rxc6 Nd8 27. Rc7 a5
28. Ne1 Kf8 29. Nd3 Rb7 30. Rc8 Ke7 31. Nc5 Ra7 32. g4 g5 33. f3 Ng8 34. Bf1 f6
35. Bd3 fxe5 36. dxe5 Nh6 37. Bxh7 Nhf7 38. Nd3 Kd7 39. Rc1 Rc7 40. Rxc7+ Kxc7
41. Bg6 Kc6 42. Kf2 Nh8 43. Be8+ Kc7 44. Ke3 Nc6 45. f4 gxf4+ 46. Kxf4 Nd4 47.
g5 Kd8 48. Bh5 Ke7 49. Nc5 Nb5 50. Nb7 Nc3 51. Nxa5 Nxa2 52. Nc6+ Kf8 53. Nd4
Nc1 54. Nxe6+ Ke7 55. Nd4 1-0

[Event "II Open I Like Elo"]
[Site "Roma ITA"]
[Date "2009.01.14"]
[Round "1"]
[White "Ciuchi, Francesco"]
[Black "Attanasi, Salvatore"]
[Result "1/2-1/2"]
[WhiteElo "1524"]
[BlackElo "1858"]
[PlyCount "57"]
[EventDate "2009.01.14"]

1. e4 e6 2. d4 d5 3. exd5 exd5 4. Nf3 Bd6 5. Be2 Ne7 6. Bg5 f6 7. Be3 Bf5 8. c3
O-O 9. O-O Re8 10. Nbd2 c6 11. Re1 Qc7 12. h3 Ng6 13. Rc1 b5 14. a4 a6 15. Ra1
Nd7 16. b3 Nf4 17. Bxf4 Bxf4 18. Nh4 Be6 19. Qc2 Nf8 20. Bd3 Re7 21. axb5 cxb5
22. Bxb5 a5 23. Re2 Bf7 24. Rxe7 Qxe7 25. Bd3 Ng6 26. Nf5 Qc7 27. Nf3 Rc8 28.
c4 dxc4 29. bxc4 1/2-1/2

[Event "II Open I Like Elo"]
[Site "Roma ITA"]
[Date "2009.01.14"]
[Round "1"]
[White "Gerlando, Onofrio"]
[Black "Di Mauro, Giuseppe"]
[Result "0-1"]
[WhiteElo "1668"]
[BlackElo "1943"]
[PlyCount "148"]
[EventDate "2009.01.14"]

1. e4 e6 2. Nf3 d5 3. Bb5+ Bd7 4. Bd3 c5 5. b3 Nc6 6. c3 dxe4 7. Bxe4 Nf6 8.
Qc2 Bd6 9. Na3 O-O 10. Nc4 Bb8 11. a4 Nxe4 12. Qxe4 f5 13. Qe3 Qe7 14. Ba3 b6
15. d4 f4 16. Qe4 Bc7 17. O-O Rae8 18. dxc5 bxc5 19. Nfe5 Nxe5 20. Nxe5 Bxe5
21. Qxe5 Rf5 22. Qc7 f3 23. g4 Qg5 24. Qg3 Rf6 25. Rfe1 h5 26. h3 hxg4 27. Bc1
Qd5 28. c4 Qd3 29. Bg5 Rf7 30. Re3 Qd4 31. Rae1 gxh3 32. Kh2 Ref8 33. Rg1 Rf5
34. Be7 R8f7 35. Bd6 Qf6 36. Be5 Qh6 37. Re4 Rxe5 38. Rxe5 Rf5 39. Re4 Bc6 40.
Rg4 Rf7 41. Rg5 Be4 42. Rxc5 Qf4 43. Rc8+ Kh7 44. Qxf4 Rxf4 45. Rc7 Bf5 46.
Rgxg7+ Kh6 47. Rxa7 Rd4 48. Rg8 Rd2 49. Kg3 Bc2 50. b4 Rd4 51. Rh8+ Kg6 52. Rh4
Rxh4 53. Kh2 Rxc4 54. b5 Rxa4 55. Rxa4 Bxa4 56. b6 Bc6 57. Kxh3 Kg5 58. Kg3 e5
59. Kh2 Kf4 60. Kg1 Ke4 61. Kf1 Kd3 62. Ke1 Kc4 63. Kd2 Kb5 64. Kc3 Kxb6 65.
Kc4 e4 66. Kd4 Kb5 67. Ke3 Kc4 68. Kd2 Kd4 69. Ke1 e3 70. fxe3+ Kxe3 71. Kf1
Bb5+ 72. Kg1 f2+ 73. Kh2 f1=Q 74. Kg3 Qg1+ 0-1

[Event "II Open I Like Elo"]
[Site "Roma ITA"]
[Date "2009.01.14"]
[Round "1"]
[White "Giuliani, Sante"]
[Black "Piccolo, Giuseppe"]
[Result "1-0"]
[WhiteElo "1935"]
[BlackElo "1635"]
[PlyCount "75"]
[EventDate "2009.01.14"]

1. Nf3 d5 2. g3 Nc6 3. Bg2 e5 4. d3 Nf6 5. Nbd2 Be7 6. O-O h6 7. e4 d4 8. Nc4
Bd6 9. a4 a5 10. Bd2 Be6 11. b3 O-O 12. Qc1 Nh7 13. Nh4 Qf6 14. f4 Bxc4 15.
fxe5 Qxe5 16. bxc4 Ne7 17. Rb1 b6 18. Rb5 Bc5 19. Bf4 Qe6 20. Nf3 c6 21. Rb1
Ng6 22. Bd2 Nf6 23. Be1 Rad8 24. Bf2 Qd6 25. Bh3 Rfe8 26. Bf5 Ne5 27. Nxe5 Qxe5
28. Qd1 g6 29. Bh3 Nh7 30. Bg2 Re6 31. g4 Qg5 32. Bg3 Nf6 33. h3 h5 34. Bf4 Qh4
35. g5 Bd6 36. Bxd6 Qxg5 37. Bf4 Qh4 38. Qf3 1-0

[Event "II Open I Like Elo"]
[Site "Roma ITA"]
[Date "2009.01.14"]
[Round "1"]
[White "Lorenzi, Bruno"]
[Black "Bitossi, Massimo"]
[Result "0-1"]
[WhiteElo "1700"]
[BlackElo "1971"]
[PlyCount "66"]
[EventDate "2009.01.14"]

1. e4 Nf6 2. Nc3 d5 3. exd5 Nxd5 4. Nxd5 Qxd5 5. d3 Nc6 6. Nf3 Bg4 7. Be2 e5 8.
O-O O-O-O 9. c4 Qd6 10. a3 Bxf3 11. gxf3 Nd4 12. Be3 Nxe2+ 13. Qxe2 Qxd3 14.
Qxd3 Rxd3 15. Rfd1 Rxd1+ 16. Rxd1 b6 17. f4 e4 18. b4 f5 19. Rd5 g6 20. Bd4 Rg8
21. Be5 Bg7 22. Bxg7 Rxg7 23. h4 Rd7 24. Re5 Kd8 25. c5 c6 26. cxb6 axb6 27.
Re6 Kc7 28. Rf6 c5 29. b5 Kb7 30. h5 c4 31. hxg6 hxg6 32. Rxg6 c3 33. Rc6 Rc7
0-1

[Event "II Open I Like Elo"]
[Site "Roma ITA"]
[Date "2009.01.14"]
[Round "1"]
[White "Maggi, Fabrizio"]
[Black "De Lisa, Carmine"]
[Result "1-0"]
[WhiteElo "2039"]
[BlackElo "1734"]
[PlyCount "59"]
[EventDate "2009.01.14"]

1. c4 e5 2. Nc3 Nf6 3. Nf3 Nc6 4. e3 Bb4 5. Qc2 d6 6. Nd5 a5 7. a3 Bc5 8. b3
Bg4 9. Bb2 Nxd5 10. cxd5 Ne7 11. Nxe5 dxe5 12. Qxc5 Qxd5 13. Qxd5 Nxd5 14. Bxe5
f6 15. Bg3 O-O-O 16. Rc1 Rhe8 17. Bc4 c6 18. h3 Bh5 19. O-O Nb6 20. d4 Nxc4 21.
bxc4 Re4 22. Rb1 Rd7 23. Rb6 Be2 24. Rfb1 Rf7 25. Rc1 h5 26. Rc2 h4 27. Bxh4
Bxc4 28. Rxc4 Rxh4 29. Rc5 a4 30. Rb4 1-0

[Event "II Open I Like Elo"]
[Site "Roma ITA"]
[Date "2009.01.14"]
[Round "1"]
[White "Maggi, Luigi"]
[Black "Capitani, Roberto"]
[Result "1-0"]
[WhiteElo "1864"]
[BlackElo "1606"]
[PlyCount "68"]
[EventDate "2009.01.14"]

1. c4 e5 2. Nc3 Nf6 3. Nf3 Bc5 4. e3 O-O 5. Nxe5 d5 6. d4 Bb4 7. Bd2 Nc6 8. Qb3
Bxc3 9. Bxc3 Nxe5 10. dxe5 Ne4 11. Be2 Rb8 12. O-O Be6 13. Rad1 c6 14. f3 Nc5
15. Qc2 Qb6 16. b4 Na4 17. c5 Nxc5 18. bxc5 Qxc5 19. Qd2 Rfd8 20. Bd4 Qa3 21.
Rb1 c5 22. Rb3 Qa4 23. Bb5 Qxb3 24. axb3 cxd4 25. exd4 a6 26. Bd3 b5 27. Qa5
Ra8 28. Rc1 g6 29. Rc6 Rdc8 30. Rxc8+ Bxc8 31. Bxb5 Rb8 32. Qd8+ Kg7 33. Bd7
Rxb3 34. Bxc8 Rd3 1-0

[Event "II Open I Like Elo"]
[Site "Roma ITA"]
[Date "2009.01.14"]
[Round "1"]
[White "Migliozzi, Giuseppe"]
[Black "Roberti, Bruno"]
[Result "0-1"]
[WhiteElo "1732"]
[BlackElo "1990"]
[PlyCount "86"]
[EventDate "2009.01.14"]

1. Nf3 d5 2. b3 e6 3. Bb2 Nf6 4. e3 Be7 5. d4 c6 6. Bd3 O-O 7. O-O Ne4 8. c4 f5
9. cxd5 exd5 10. Ne5 Nd7 11. f3 Nxe5 12. dxe5 Nc5 13. f4 Be6 14. Nc3 d4 15. Ne2
dxe3 16. Bc2 Qd2 17. Bc3 Qxd1 18. Raxd1 Ne4 19. Bxe4 fxe4 20. Bd4 Bg4 21. Rde1
Rad8 22. Bxe3 Bb4 23. g3 Bxe1 24. Rxe1 b6 25. Nd4 c5 26. Nb5 Rd7 27. Nd6 g6 28.
Nxe4 Kf7 29. Nd6+ Ke6 30. Kg2 Bf5 31. Bc1 h5 32. a3 Rh8 33. h3 Rhd8 34. Kf2
Bxh3 35. Rh1 Bg4 36. Ke3 Rxd6 37. exd6 Rxd6 38. Bb2 Rd1 39. Rh2 Re1+ 40. Kd2
Rg1 41. Be5 Rxg3 42. Bb8 Rxb3 43. Bxa7 Rb2+ 0-1

[Event "II Open I Like Elo"]
[Site "Roma ITA"]
[Date "2009.01.14"]
[Round "1"]
[White "Mulas, Icaro"]
[Black "Belli, Alessandro"]
[Result "1-0"]
[WhiteElo "1815"]
[BlackElo "1517"]
[PlyCount "87"]
[EventDate "2009.01.14"]

1. d3 Nf6 2. e4 e6 3. Be3 b6 4. h3 Bb7 5. c4 d6 6. Nc3 Nbd7 7. g3 h5 8. Bg2 a6
9. Nge2 h4 10. g4 Be7 11. O-O Nh7 12. f4 Bf6 13. Rb1 g5 14. Qd2 gxf4 15. Nxf4
Bg5 16. Nh5 Bxe3+ 17. Qxe3 Qg5 18. Qf2 Rf8 19. b4 O-O-O 20. a4 Ne5 21. Qe2 Nd7
22. Nf4 Qe5 23. Qd2 Qd4+ 24. Kh1 Ng5 25. Nce2 Qg7 26. Nh5 Qg6 27. Nef4 Qg8 28.
a5 f5 29. exf5 exf5 30. Nd5 Rde8 31. Rbe1 Bxd5 32. Bxd5 Qg6 33. Rxe8+ Rxe8 34.
Rxf5 Nxh3 35. Qg2 Re1+ 36. Kh2 Ng5 37. Qf2 Re8 38. Bc6 h3 39. Bxd7+ Kxd7 40.
Nf6+ Kd8 41. axb6 cxb6 42. Qxb6+ Ke7 43. Qc7+ Ke6 44. Qd7# 1-0

[Event "II Open I Like Elo"]
[Site "Roma ITA"]
[Date "2009.01.14"]
[Round "1"]
[White "Musmarra, Giovanni"]
[Black "Castelfranchi, Carlo"]
[Result "0-1"]
[WhiteElo "1747"]
[BlackElo "2081"]
[PlyCount "30"]
[EventDate "2009.01.14"]

1. d4 Nf6 2. c4 g6 3. Nc3 d5 4. cxd5 Nxd5 5. e4 Nxc3 6. bxc3 Bg7 7. Nf3 c5 8.
g3 Bg4 9. Qa4+ Nc6 10. Ne5 Bxe5 11. dxe5 Bf3 12. Rg1 O-O 13. Be3 Nxe5 14. Bxc5
Nd3+ 15. Bxd3 Qxd3 0-1

[Event "II Open I Like Elo"]
[Site "Roma ITA"]
[Date "2009.01.14"]
[Round "1"]
[White "Pala, Giorgio"]
[Black "Colantonio, Marco"]
[Result "1-0"]
[WhiteElo "1962"]
[BlackElo "1695"]
[PlyCount "44"]
[EventDate "2009.01.14"]

1. e4 d6 2. Nf3 Nf6 3. Nc3 c5 4. d4 cxd4 5. Nxd4 a6 6. Bg5 Qb6 7. Qd2 Bd7 8.
O-O-O Nc6 9. Nb3 h6 10. Be3 Qc7 11. f3 g5 12. g4 Bg7 13. h4 Ne5 14. Be2 Nh7 15.
Nd5 Qd8 16. Bb6 Qc8 17. Nc7+ Kf8 18. Nxa8 Qxa8 19. hxg5 Nxg5 20. f4 Nxe4 21.
Qe3 Bc6 22. fxe5 Ng5 1-0

[Event "II Open I Like Elo"]
[Site "Roma ITA"]
[Date "2009.01.14"]
[Round "1"]
[White "Quimi, Marco"]
[Black "Mammoliti, Francesco"]
[Result "1-0"]
[WhiteElo "2245"]
[BlackElo "1752"]
[PlyCount "81"]
[EventDate "2009.01.14"]

1. d4 Nf6 2. Nf3 e6 3. Bf4 d5 4. Nbd2 Be7 5. e3 c6 6. h3 Nbd7 7. c4 O-O 8. Qb3
Qb6 9. c5 Qxb3 10. Nxb3 a5 11. Rc1 Re8 12. Be2 Nf8 13. a4 Ng6 14. Bh2 Bd7 15.
O-O h6 16. Ne5 Nxe5 17. dxe5 Nh7 18. f4 f5 19. g4 Reb8 20. Bd3 b6 21. Rf2 bxc5
22. Nxc5 Bxc5 23. Rxc5 Rb3 24. Rd2 Nf8 25. Bg3 Ng6 26. Bf2 Ne7 27. Be2 Be8 28.
Bd1 Rb7 29. Be1 Kh7 30. Rg2 Bd7 31. Bxa5 Rba7 32. Bc3 Rxa4 33. Bxa4 Rxa4 34.
Kf2 d4 35. Bxd4 Nd5 36. Kf3 g6 37. gxf5 gxf5 38. Rcc2 Nb4 39. Rc4 Be8 40. b3
Bh5+ 41. Kg3 1-0

[Event "II Open I Like Elo"]
[Site "Roma ITA"]
[Date "2009.01.14"]
[Round "1"]
[White "Sellitto, Pietro"]
[Black "Pastore, Cosmas"]
[Result "0-1"]
[WhiteElo "1467"]
[BlackElo "1806"]
[PlyCount "66"]
[EventDate "2009.01.14"]

1. d4 d5 2. c4 c6 3. Nc3 Nf6 4. Nf3 e6 5. a3 Nbd7 6. e3 Be7 7. Bd3 dxc4 8. Bxc4
b5 9. Bd3 a6 10. O-O c5 11. b4 c4 12. Be4 Nxe4 13. Nxe4 Bb7 14. Nc5 Nxc5 15.
bxc5 O-O 16. Ne5 Qc7 17. Qg4 Bf6 18. Nf3 e5 19. Bd2 exd4 20. exd4 Bxf3 21. gxf3
Rfd8 22. Bc3 Rd5 23. Qe4 Rad8 24. Rad1 Qd7 25. Kh1 g6 26. Rd2 Re8 27. Qg4 Rf5
28. h4 Qd5 29. Kg2 Bxh4 30. Kh3 Rxf3+ 31. Kxh4 Re4 32. Qxe4 Qxe4+ 33. Kg5 Qf4#
0-1

[Event "II Open I Like Elo"]
[Site "Roma ITA"]
[Date "2009.01.14"]
[Round "1"]
[White "Simeone, Giulio"]
[Black "Mazza, Maurizio"]
[Result "1-0"]
[WhiteElo "1983"]
[BlackElo "1711"]
[PlyCount "77"]
[EventDate "2009.01.14"]

1. c4 Nf6 2. Nc3 e6 3. e4 Bc5 4. d4 Bb4 5. e5 Ne4 6. Qd3 d5 7. exd6 Nxd6 8. Nf3
O-O 9. Bg5 Qe8 10. Be2 c6 11. O-O Nd7 12. Bd1 f5 13. c5 Nf7 14. Bb3 Nxg5 15.
Nxg5 Rf6 16. Qc4 Bxc3 17. Nxe6 Rxe6 18. Qxe6+ Qxe6 19. Bxe6+ Kf8 20. bxc3 Nf6
21. Rfe1 Ne4 22. Bxc8 Rxc8 23. Re3 Nd2 24. Rae1 Rc7 25. Re8+ Kf7 26. R1e5 g6
27. f3 Nc4 28. Re2 Na3 29. h4 Nb5 30. R8e3 Na3 31. h5 Nb5 32. h6 Rd7 33. Kh2
Nc7 34. c4 g5 35. Re5 Kf6 36. Kg3 Na6 37. Re6+ Kf7 38. Rd6 Rc7 39. Ree6 1-0

[Event "II Open I Like Elo"]
[Site "Roma ITA"]
[Date "2009.01.14"]
[Round "1"]
[White "Tognotti, Andrea"]
[Black "Arabito, Giuseppe"]
[Result "1/2-1/2"]
[WhiteElo "1609"]
[BlackElo "1905"]
[PlyCount "57"]
[EventDate "2009.01.14"]

1. c4 Nf6 2. Nc3 g6 3. g3 Bg7 4. Bg2 O-O 5. Nf3 d6 6. O-O e5 7. d3 Nbd7 8. Rb1
a5 9. a3 c6 10. b4 Qc7 11. b5 c5 12. Bd2 Nb6 13. Qc1 Be6 14. Ng5 Bf5 15. Nge4
Nxe4 16. Nxe4 f6 17. Bh6 Be6 18. Bxg7 Kxg7 19. Nc3 Rad8 20. Qe1 d5 21. cxd5
Nxd5 22. Nxd5 Bxd5 23. Bxd5 Rxd5 24. b6 Qc6 25. Qxa5 c4 26. Qc3 Rc8 27. dxc4
Rc5 28. Rfc1 Qe6 29. Qd3 1/2-1/2

[Event "II Open I Like Elo"]
[Site "Roma ITA"]
[Date "2009.01.14"]
[Round "1"]
[White "Vanzan, Alessandro"]
[Black "Palama', Pierpaolo"]
[Result "0-1"]
[WhiteElo "1788"]
[BlackElo "1464"]
[PlyCount "72"]
[EventDate "2009.01.14"]

1. c4 Nf6 2. Nc3 e6 3. a3 c5 4. Nf3 Nc6 5. g3 Bd6 6. Bg2 Ne5 7. Nxe5 Bxe5 8.
O-O h5 9. h4 Rb8 10. Nb5 Qb6 11. f4 Bc7 12. Nxc7+ Qxc7 13. b3 Ng4 14. Bb2 Rg8
15. Rf3 f5 16. Rd3 b6 17. Qe1 Bb7 18. e4 Qc6 19. Be5 Rd8 20. Rd6 Qc8 21. d3 g6
22. Qe2 Kf7 23. Rf1 Ke7 24. Bh3 Nh6 25. Kh2 Nf7 26. exf5 gxf5 27. Qxh5 Nxd6 28.
Qh6 Rdf8 29. Rd1 Qe8 30. h5 Bf3 31. Rd2 Qxh5 32. Qxh5 Bxh5 33. d4 Ne4 34. Rg2
d6 35. dxc5 dxe5 36. fxe5 bxc5 0-1

[Event "II Open I Like Elo"]
[Site "Roma ITA"]
[Date "2009.01.21"]
[Round "2"]
[White "Attanasi, Salvatore"]
[Black "Boccardi, Alessandro"]
[Result "1/2-1/2"]
[WhiteElo "1858"]
[BlackElo "1542"]
[PlyCount "65"]
[EventDate "2009.01.14"]

1. e4 c6 2. d4 d5 3. exd5 cxd5 4. Bd3 g6 5. c3 Bf5 6. Bxf5 gxf5 7. Nf3 Nc6 8.
Bf4 Bg7 9. O-O e6 10. Re1 Nf6 11. h3 Ne4 12. Nbd2 Qd7 13. Nf1 h5 14. Ne3 b5 15.
Qd3 Qb7 16. Nh4 O-O 17. Qe2 Qe7 18. Qxh5 Nf6 19. Qg5 Ne4 20. Qxe7 Nxe7 21. Nf3
Ng6 22. Be5 Bxe5 23. Nxe5 Nxe5 24. dxe5 f4 25. Ng4 Kg7 26. a4 a6 27. Ra2 Nd2
28. axb5 axb5 29. Rea1 Rac8 30. Rd1 Ne4 31. Ra5 b4 32. cxb4 Rc4 33. b5 1/2-1/2